000 00889nam a2200205 u 4500
001 000188278
003 AM-YeHGA
005 20250617123746.0
008 990526s1990 ||||||||||||||||||||rus d
040 _aAM-YeHGA
100 1 _aМейен, С.В.
245 1 0 _aТеоретические проблемы палеобатаники /
_cС.В. Мейен ; Отв. ред. В.С. Соколов ; АН СССР. Отд-ние геологии, геофизики, геохимии и горных наук.
246 3 1 _aTheoretical problems of paleobotany
260 _aМосква :
_bНаука ,
_c1990.
300 _a287 с.
650 1 4 _aПалеоботаника
700 1 _aСоколов, В.С.
_4edt
710 2 _aАкадемия наук СССР.
_bОтделение геологии, геофизики, геохимии и горных наук
090 _c66386
999 _c65263
_d65263